Satan Prayer Lyrics-Ghost - Statistics

General Stats
  • This quiz has been taken 84 times
  • The average score is 110 of 148
Answer Stats
Answer % Correct
he
96%
prayer
96%
Satan
96%
Hear
92%
our
92%
The
92%
the
92%
we
88%
be
85%
in
85%
of
85%
almighty
81%
do
81%
God
81%
on
81%
and
77%
And
77%
anti
77%
Believe
77%
for
77%
heaven
77%
Hell
77%
his
77%
one
73%
to
73%
from
69%
From
69%
uncreator
69%
Who
69%
creed
65%
father
65%
no
65%
seed
65%
shall
65%
all
62%
Out
62%
Rise
62%
son
62%
up
62%
visible
62%
coming
58%
invisible
58%
kingdom
58%
soil
58%
will
58%
Begotten
54%
damnation
54%
substance
54%
Whose
54%
With
54%
come
50%
left
50%
man
50%
Unholy
50%
ghost
46%
haveth
46%
Incarnated
46%
judge
46%
Nicene
46%
things
46%
whom
46%
By
42%
end
42%
hand
42%
life
42%
Overlord
42%
sitteth
42%
taker
42%
unmade
42%
thence
35%
No matching quizzes found
Score Distribution
Percent of People with Each Score
Percentile by Number Answered
Your Score History
You have not taken this quiz